| 000 | 01112cam a2200313 i 4500 | ||
|---|---|---|---|
| 001 | 11706 | ||
| 003 | BD-RjUL | ||
| 005 | 20211208235153.0 | ||
| 008 | 140127s1975 caua b 001 0 eng | ||
| 020 |
_a0716705133. _a0716705125 |
||
| 035 | _a(BD-RjUL)11755 | ||
| 040 |
_aDLC _cDLC _dDLC _dBD-RjUL _beng |
||
| 041 | _aeng | ||
| 060 | _aQU4 B617 | ||
| 082 | 0 | 0 |
_a572 _bBIO 1975 _223 |
| 245 | 0 | 0 |
_aBiophysical chemistry : _bphysical chemistry in the biological sciences : readings from Scientific American, with introductions / _cby Victor A. Bloomfield and Rodney E. Harrington. |
| 260 |
_aSan Francisco : _bW. H. Freeman, _cc1975 |
||
| 300 |
_avi, 231 p. : _bill. ; _c29 cm. |
||
| 504 | _aBibliography: p [223]-226 & Includes indexes.. | ||
| 650 | 0 |
_aBiochemistry. _936214 |
|
| 650 | 0 |
_aChemistry, Physical and theoretical. _936215 |
|
| 650 | 2 |
_aBiochemistry _xCollected works. _936216 |
|
| 650 | 2 |
_aChemistry, Physical _xCollected works. _936217 |
|
| 700 | 1 |
_aBloomfield, Victor A. _9225257 |
|
| 700 | 1 |
_aHarrington, Rodney E. _9225258 |
|
| 942 |
_2ddc _cBK |
||
| 999 |
_c11706 _d11706 |
||